<?xml version="1.0" encoding="UTF-8"?>
<record
    xmlns:xsi="http://www.w3.org/2001/XMLSchema-instance"
    xsi:schemaLocation="http://www.loc.gov/MARC21/slim http://www.loc.gov/standards/marcxml/schema/MARC21slim.xsd"
    xmlns="http://www.loc.gov/MARC21/slim">

  <leader>01977nam a2200265 a 4500</leader>
  <controlfield tag="005">20180803165401.0</controlfield>
  <controlfield tag="008">140128b2007    ck ||||| |||| 00| 0 spa d</controlfield>
  <datafield tag="040" ind1=" " ind2=" ">
    <subfield code="c">CO-BoIH</subfield>
  </datafield>
  <datafield tag="041" ind1=" " ind2=" ">
    <subfield code="a">spa</subfield>
  </datafield>
  <datafield tag="044" ind1=" " ind2=" ">
    <subfield code="a">ck</subfield>
  </datafield>
  <datafield tag="090" ind1=" " ind2=" ">
    <subfield code="a">IAVH</subfield>
    <subfield code="b">00927</subfield>
  </datafield>
  <datafield tag="100" ind1=" " ind2=" ">
    <subfield code="a">Ciri Le&#xF3;n, Francisco</subfield>
    <subfield code="9">5590</subfield>
  </datafield>
  <datafield tag="245" ind1=" " ind2=" ">
    <subfield code="a">Apoyar las iniciativas comunitarias de manejo sostenible y conservaci&#xF3;n de poblaciones de c&#xF3;ndores andinos silvestres residentes en el &#xE1;rea de p&#xE1;ramo de los municipios de G&#xFC;ic&#xE1;n y Chiscas. Informe final</subfield>
  </datafield>
  <datafield tag="260" ind1=" " ind2=" ">
    <subfield code="a">Bogot&#xE1;</subfield>
    <subfield code="b">Instituto Alexander von Humboldt</subfield>
    <subfield code="b">CORPOBOYACA</subfield>
    <subfield code="b">UAESPNN</subfield>
    <subfield code="c">2007</subfield>
  </datafield>
  <datafield tag="300" ind1=" " ind2=" ">
    <subfield code="a">34 p.</subfield>
  </datafield>
  <datafield tag="520" ind1=" " ind2=" ">
    <subfield code="a">Desarrolla punto por punto las actividades del contrato de consultor&#xED;a No 022 de 2006 (Corpoboyac&#xE1;). Se realiz&#xF3; una evaluaci&#xF3;n actualizada de la poblaci&#xF3;n de c&#xF3;ndores andinos en los p&#xE1;ramos de los municipios de G&#xFC;ic&#xE1;n y Chiscas y su relaci&#xF3;n con el estado del ecosistema y con la factible presencia de individuos reintroducidos; se apoy&#xF3; a la comunidad local en el fortalecimiento de la organizaci&#xF3;n y la participaci&#xF3;n social para la conservaci&#xF3;n y el manejo sostenible de esta regi&#xF3;n; se realiz&#xF3; la capacitaci&#xF3;n y vinculaci&#xF3;n de guardac&#xF3;ndores comunitarios locales en aspectos de conocimiento biol&#xF3;gico de la especie, manejo y seguimiento de ejemplares, guianza ecotur&#xED;stica y actividades de socializaci&#xF3;n y prevenci&#xF3;n para la protecci&#xF3;n de la especie por parte de la comunidad; se formul&#xF3; y concert&#xF3; un proyecti de desarrollo ecotur&#xED;smo en el p&#xE1;ramo alrededor del avistamiento de c&#xF3;ndores silvestres; se apoy&#xF3; con lineamientos t&#xE9;cnicos y socioambientales para un proceso de repoblamiento de esta especie entre otras</subfield>
  </datafield>
  <datafield tag="650" ind1=" " ind2=" ">
    <subfield code="a">Iniciativas comunitarias</subfield>
    <subfield code="9">5591</subfield>
  </datafield>
  <datafield tag="650" ind1=" " ind2=" ">
    <subfield code="a">Manejo sostenible</subfield>
    <subfield code="9">92592</subfield>
  </datafield>
  <datafield tag="650" ind1=" " ind2=" ">
    <subfield code="a">Poblaciones de c&#xF3;ndores</subfield>
    <subfield code="9">5592</subfield>
  </datafield>
  <datafield tag="650" ind1=" " ind2=" ">
    <subfield code="a">C&#xF3;ndor</subfield>
    <subfield code="9">30304</subfield>
  </datafield>
  <datafield tag="662" ind1=" " ind2=" ">
    <subfield code="a">Colombia</subfield>
    <subfield code="c">Guic&#xE1;n</subfield>
    <subfield code="b">Boyac&#xE1;</subfield>
  </datafield>
  <datafield tag="662" ind1=" " ind2=" ">
    <subfield code="a">Colombia</subfield>
    <subfield code="c">Chiscas</subfield>
    <subfield code="b">Boyac&#xE1;</subfield>
  </datafield>
  <datafield tag="942" ind1=" " ind2=" ">
    <subfield code="c">INFORME</subfield>
    <subfield code="2">z</subfield>
    <subfield code="0">2</subfield>
  </datafield>
  <datafield tag="945" ind1=" " ind2=" ">
    <subfield code="d">2008-09-08</subfield>
  </datafield>
  <datafield tag="999" ind1=" " ind2=" ">
    <subfield code="c">6544</subfield>
    <subfield code="d">6544</subfield>
  </datafield>
  <datafield tag="952" ind1=" " ind2=" ">
    <subfield code="0">0</subfield>
    <subfield code="1">0</subfield>
    <subfield code="2">z</subfield>
    <subfield code="4">0</subfield>
    <subfield code="7">0</subfield>
    <subfield code="8">HUMBOLDT</subfield>
    <subfield code="I">INV2017</subfield>
    <subfield code="a">Bogota</subfield>
    <subfield code="b">Bogota</subfield>
    <subfield code="d">2008-09-08</subfield>
    <subfield code="l">2</subfield>
    <subfield code="o">IAVH-00927</subfield>
    <subfield code="p">026362</subfield>
    <subfield code="r">2024-08-09 00:00:00</subfield>
    <subfield code="s">2014-10-02</subfield>
    <subfield code="t">Ej. 1</subfield>
    <subfield code="w">2012-12-04</subfield>
    <subfield code="x">Dep&#xF3;sito Institucional</subfield>
    <subfield code="y">INFORME</subfield>
  </datafield>
</record>
